The story of my life/ (Record no. 194446)
[ view plain ]
| 000 -LEADER | |
|---|---|
| fixed length control field | 00780nam a22002057a 4500 |
| 005 - DATE AND TIME OF LATEST TRANSACTION | |
| control field | 20241011144331.0 |
| 010 ## - LCCN (DPL NO) | |
| LC control number | B-747642-643 E.N.A./7.11.22 ENG-142150 |
| 020 ## - INTERNATIONAL STANDARD BOOK NUMBER | |
| International Standard Book Number | 9789357943314 |
| Terms of availability | 495.00 |
| 035 ## - SYSTEM CONTROL NUMBER | |
| System control number | B-747642-643 |
| 035 ## - SYSTEM CONTROL NUMBER | |
| System control number | EN-125682 |
| 037 ## - SOURCE OF ACQUISITION | |
| Source of stock number/acquisition | V&S Publishers |
| 082 ## - DEWEY DECIMAL CLASSIFICATION NUMBER | |
| Classification number | 921 |
| 100 ## - MAIN ENTRY--PERSONAL NAME | |
| Personal name | Keller, Helen |
| 245 ## - TITLE STATEMENT | |
| Title | The story of my life/ |
| Statement of responsibility, etc | by Helen Keller |
| 260 ## - PUBLICATION, DISTRIBUTION, ETC. (IMPRINT) | |
| Place of publication, distribution, etc | New Delhi |
| Name of publisher, distributor, etc | V&S Publishers |
| 270 ## - ADDRESS | |
| Address | F-2/16, Ansari Road, Daryaganj |
| City | New Delhi |
| Postal code | 110002 |
| Telephone number | 011-23240026 |
| 300 ## - PHYSICAL DESCRIPTION | |
| Extent | 340p. |
| Dimensions | 21cm(pbk). |
| 942 ## - ADDED ENTRY ELEMENTS (KOHA) | |
| Source of classification or shelving scheme | Dewey Decimal Classification |
| Item type | English Books |
| Call number suffix | KEL |
| Classification part | 921 |
| Withdrawn status | Lost status | Not for loan | Collection code | Home library | Current library | Date acquired | Source of acquisition | Cost, normal purchase price | Full call number | Barcode | Copy number | Cost, replacement price | Koha item type |
|---|---|---|---|---|---|---|---|---|---|---|---|---|---|
| Lost and Paid For | Non-fiction | Central Library | Central Library | 13/02/2023 | V&S Publishers/5663-D/30.11.22/221/23.11.22/13.12.22 | 495.00 | 921 KEL | B-747642 | 1 | 495.00 | English Books | ||
| Non-fiction | Sarojini Nagar | Sarojini Nagar | 13/02/2023 | V&S Publishers/5663-D/30.11.22/221/23.11.22/13.12.22 | 495.00 | 921 KEL | B-747643 | 1 | 495.00 | English Books | |||
| Non-fiction | Sarojini Nagar | Sarojini Nagar | 11/10/2024 | Delivery of Books Act Division | 495.00 | KEL 921 | EN-125682 | 1 | 495.00 | English Books |
